000 01030nam a2200313 i 4500
003 EG-GICUC
005 20260413215830.0
008 260413s1925 fr ||||fr|||| 00| 0 fre d
040 _aEG-GiCUC
_bfre
_cEG-GiCUC
_dEG-GiCUC
_eRda
041 _afre
082 0 4 _221
_a343.2
_bGO . P
092 0 4 _221
099 _aLaw1 10 343.2 GO . P 1925
100 1 _aGoyet, Francisque
_eAuteur
245 1 0 _aPrécis de droit pénal spécial :
_b(étude des infractions prévues par le Code pénal) /
_cPar Francisque Goyet.
264 1 _aParis :
_bLéon Tenin directeur,
_c1925.
300 _a382 pages ;
_c23 cm.
_billustration ;
336 _2rda contenu
_a texte
337 _2rda medias
_aOrdinateur
338 _2 transporteur rda
_a Ressource en ligne
504 _aComprend un index.
546 _aTexte en français
650 1 _aDroit pénal
_2qrmak
650 1 _aDroit pénal spécial
_2qrmak
651 1 _2qrmak
856 4 0 _uhttps://fll.law.cu.edu.eg/fulltext/bks/B10-09189.pdf
905 _a43
942 _2ddc
_n0
_cBK
_e21
999 _c70704
_d70704